Sanat:"Pulp Fiction" - Statistics

Yleistilastot
  • Tätä visaa on pelattu 42 kertaa
  • Keskiarvotulos 149 / 198
Vastaustilastot
Hint Vastaus % Oikein
-
100%
100%
ja
94%
hurjemmin
91%
jo
91%
John,
91%
kanssa,
91%
levoton,
91%
mun
91%
Mut
91%
mut
91%
mutta
91%
niin
91%
Niin
91%
on
91%
oot
91%
91%
suo"
91%
tää
91%
Tanssi
91%
tanssi
91%
tiukemmin
91%
baariin
88%
ei
88%
Fictionissa,
88%
ketään
88%
kuin
88%
Pulp
88%
sisään,
88%
suoraan
88%
juuri
85%
luo
85%
missään
85%
oon
85%
sen,
85%
- astun
82%
kävelen
82%
liike
79%
mua
79%
mulle
79%
otit
79%
sit
79%
Sit
79%
taitavasti
79%
asti
76%
"Hymy
76%
veit
76%
biisin
74%
kämmenen
74%
olkoon
74%
ollu
74%
samanlainen
74%
soimaan,
74%
syntymästä
74%
jukeboksin
71%
sanoin
71%
sävelen,
71%
sun
71%
vielä
71%
alkoi
68%
hiffasin
68%
olit
68%
Olivia
68%
sanoen
68%
sekaisin
68%
vaan"
68%
vaan
68%
ilmestyit
65%
katoan
65%
Nielaisit
65%
sitten
65%
tosi
65%
hain
62%
Kun
62%
Laitoin
62%
seuraavan
62%
Tanssin
62%
tulin
62%
vesilasin
62%
"Moi
59%
sulle
59%
takaisin
56%
Uma
56%
Greasessa
53%
ilmaa
53%
tunnelmoimaan,
53%
elämä
50%
taskusta
50%
twistaamaan
50%
kaks
47%
kerääntyy,
47%
me
47%
perääntyy
47%
Siihen
47%
jengii
44%
käden
44%
Keskellä
44%
maalii
44%
mietin
44%
oikeen
44%
radikaalii,
44%
vasemman
44%
jotain
41%
lanne
41%
sulkeutui
41%
ympyrä
41%
jalat
38%
nostin
38%
meidän
35%
pitäsköhän
35%
teit
35%
uuvee
35%
ui
32%
Berry
26%
geeteessä
26%
fistaamaan
24%
Chuck
12%
Ehtoja vastaavia visoja ei löytynyt
Tulosjakauma
Jokaisen tuloksen saaneiden osuus
Persentiili vastausten määrän mukaan
Tuloshistoriasi
Et ole pelannut tätä visaa